| 000 | 01813nam a2200493 i 4500 | ||
|---|---|---|---|
| 001 | 29890 | ||
| 003 | KOSZ 005 | ||
| 005 | 20200708105057.0 | ||
| 008 | 200708s1973 pl a f 001 0 pol | ||
| 015 | _aUWD 1974/1157 | ||
| 035 | _a991028343819705066 | ||
| 035 | _a(PL-WaBN)b17672685-48omnis_nlop | ||
| 035 | _ab17672685 | ||
| 035 | _a(OCoLC)838783447 | ||
| 035 | _a(PL)b0000001767268 | ||
| 035 | _a(EXLNZ-48OMNIS_NETWORK)9910107216205606 | ||
| 040 |
_aWA N _cWA N _dKOSZ 005/RW |
||
| 046 | _k1973 | ||
| 080 | _a69 | ||
| 080 | _a(083.7) | ||
| 245 | 0 | 0 |
_aMały ilustrowany słownik budowlany : _bterminologia budownictwa : praca zbiorowa / _cpod kierunkiem Tadeusza Dzięgielewskiego ; Instytut Urbanistyki i Architektury. |
| 250 | _aWydanie 2 (dodruk). | ||
| 260 |
_aWarszawa : _b"Arkady", _c1973. |
||
| 300 |
_a613, [3] stron : _bilustracje, wykresy ; _c22 cm. |
||
| 336 |
_aTekst _btxt _2rdacontent |
||
| 337 |
_aBez urządzenia pośredniczącego _bn _2rdamedia |
||
| 338 |
_aWolumin _bnc _2rdacarrier |
||
| 380 | _aKsiążki | ||
| 380 | _aPublikacje fachowe | ||
| 388 | _a1901-2000 | ||
| 388 | _a1945-1989 | ||
| 500 | _aWydanie 1 pod hasłem i tytułem: Terminologia budownictwa. | ||
| 504 | _aIndeks. | ||
| 521 | 8 | _aPraca przeznaczona jest dla architektów, inżynierów i techników budowlanych pracujących w biurach projektów i wykonawstwie. | |
| 650 | 7 |
_aBudownictwo _2DBN |
|
| 650 | 7 | _aTerminologia | |
| 655 | 7 |
_aSłownik terminologiczny _2DBN |
|
| 658 | _aArchitektura i budownictwo | ||
| 700 | 1 |
_aDzięgielewski, Tadeusz _eRedakcja |
|
| 710 | 2 |
_aWydawnictwo Arkady _4pbl |
|
| 856 |
_uhttp://koha.tu.koszalin.pl/cgi-bin/koha/opac-detail.pl?biblionumber=29890 _yKatalog online BPK |
||
| 942 |
_2UKD _cKS |
||
| 999 |
_c29890 _d29890 |
||